| Tag |
First Indicator |
Second Indicator |
Subfields |
| LEADER |
00000cam a2200000 4500 |
| 001 |
in00000059329 |
| 005 |
20151008051552.0 |
| 008 |
720218s1966 nyu b 00000 eng u |
| 010 |
|
|
|a 66012604
|
| 035 |
|
|
|a (OCoLC)00245414
|
| 035 |
|
|
|9 AAG8728AM
|
| 040 |
|
|
|c WSU
|d TXA
|d UtOrBLW
|
| 049 |
|
|
|a TXAM
|c [455098]
|
| 050 |
|
0 |
|a HG179
|b .M285
|
| 092 |
|
|
|a 332.024
|b M329h
|
| 100 |
1 |
|
|a Margolius, Sidney K.
|
| 245 |
1 |
0 |
|a How to make the most of your money /
|c by Sidney Margolius.
|
| 250 |
|
|
|a [1st ed.].
|
| 264 |
|
1 |
|a New York :
|b Appleton-Century,
|c [1966]
|
| 300 |
|
|
|a 241 pages
|
| 336 |
|
|
|a text
|b txt
|2 rdacontent
|
| 337 |
|
|
|a unmediated
|b n
|2 rdamedia
|
| 338 |
|
|
|a volume
|b nc
|2 rdacarrier
|
| 504 |
|
|
|a Bibliography: pages 231-232.
|
| 650 |
|
0 |
|a Finance, Personal.
|
| 999 |
|
|
|a MARS
|
| 999 |
f |
f |
|s 8d57bb42-1629-3758-abae-2df9901c4ad1
|i 08137557-71c7-39d4-bc99-897ed68650e4
|t 0
|
| 952 |
f |
f |
|p ric
|a Texas A&M University
|b Rellis Campus
|c Joint Library Facility
|d Remote Storage
|t 0
|e HG179 .M285
|h Library of Congress classification
|i unmediated -- volume
|m A14800727489
|
| 998 |
f |
f |
|a HG179 .M285
|t 0
|l Remote Storage
|